100 Harry Potter Movie Quotes - Statistics

General Stats
  • This quiz has been taken 2,133 times
    2,116 since last reset
  • The average score is 78 of 100
Answer Stats
Quote Answer % Correct
You're so loved. Mama loves you. Dada loves you. Be safe. Be strong. Lily Potter
93%
Spiders! They want me to tapdance! Ron Weasley
93%
Of course this is all happening inside your head. But why on earth should that mean it's not real? Albus Dumbledore
91%
Tell them what happened that night! Tell them how you looked him in the eye, and killed him! Harry Potter
91%
Sorry, Professor. I must not tell lies. Harry Potter
90%
The students are supposed to be out of bed, you blithering idiot! Minerva McGonagall
90%
Training for the ballet, Potter? Draco Malfoy
89%
I'll be in my bedroom, making no noise and pretending that I don't exist. Harry Potter
89%
The boy who lived. Come to die. Voldemort
89%
Do not pity the dead. Pity the living, and above all, pity those who live without love. Albus Dumbledore
88%
Can you possibly imagine a better way to serve detention than by helping me answering my fan mail? Gilderoy Lockhart
88%
Bloody hell! Ron Weasley
88%
You've been raising him like a pig for slaughter! Severus Snape
88%
You're just like your father. Lazy, arrogant... Severus Snape
88%
Wait until my father hears about this! Draco Malfoy
87%
It's sort of exciting, isn't it? Breaking the rules? Hermione Granger
87%
Do you ever stop eating? Your best friend is missing! Hermione Granger
87%
She needs to sort out her priorities. Ron Weasley
87%
Follow the spiders? Follow the spiders? Why couldn't it be follow the butterflies?! Ron Weasley
87%
You're a wizard, Harry. Rubeus Hagrid
87%
You will find that help will be given at Hogwarts to those who ask for it. Albus Dumbledore
86%
Happiness can be found even in the darkest of times, if one only remembers to turn on the light. Albus Dumbledore
86%
You filthy little mudblood! Draco Malfoy
86%
36?! But last year I had 37! Dudley Dursley
86%
It's leviOsa, not leviosA. Hermione Granger
86%
Not my daughter, you bitch! Molly Weasley
86%
Yeah, we lost Harry tonight. But he's still with us. In here. Neville Longbottom
86%
That's my girlfriend, you numpty! Ron Weasley
86%
I killed Sirius Black! I killed Sirius Black! Bellatrix Lestrange
85%
You don't wanna go making friends with the wrong sort. I can help you with that. Draco Malfoy
85%
Even in the wizarding world, hearing voices isn't a good sign. Hermione Granger
85%
We could have been killed. Or worse: expelled. Hermione Granger
85%
Five points... will be rewarded to each of you. For sheer, dumb luck. Minerva McGonagall
85%
Why is it always you three? Minerva McGonagall
85%
You saved my sister! And you, you helped! Fleur Delacour
84%
Lucky Hermione pays attention in herbology. Harry Potter
84%
Are you sure that's a real spell? Well, it's not very good, is it? Hermione Granger
84%
Just because you've got the emotional range of a tea spoon. Hermione Granger
84%
Red hair, vacant expressions, tatty second-hand book... You must be a Weasley. Lucius Malfoy
84%
If you die down there, you're welcome to share my toilet. Moaning Myrtle
84%
HOW DARE YOU STEAL THAT CAR?! Molly Weasley
84%
Lord Voldemort is my past, present and future. Tom Riddle
84%
So this is what Dumbledore sends his great defender. A songbird and an old hat. Tom Riddle
84%
What happened down in the dungeon between you and Professor Quirrell is a complete secret. So, naturally, the whole school knows. Albus Dumbledore
83%
It's true then, what they were saying on the train. Harry Potter has come to Hogwarts. Draco Malfoy
83%
Honestly, woman, you call yourself our mother! Fred Weasley
83%
Come on, let's finish the way we started. Together. Harry Potter
83%
Promise me one thing. Never try to save my life again. Harry Potter
83%
Neville Longbottom, isn't it? How's mum and dad? Bellatrix Lestrange
82%
Well, that can sometimes happen, but the bones are not broken anymore. Much more flexible. Gilderoy Lockhart
82%
Why is it always me? Neville Longbottom
82%
Six months she hasn't seen me! It's like I'm Frankie firstyear! Ron Weasley
82%
Mental, that one, I'm telling you. Ron Weasley
82%
Unless you wish to poison Potter - and I assure you, I would have the greatest sympathy if you did - I cannot help you. Severus Snape
82%
I've always wanted to use that spell! Minerva McGonagall
81%
TROLL! IN THE DUNGEONS! Quirinus Quirrell
81%
Your father was a swine. Severus Snape
81%
I shouldn't have said that. I should NOT have said that. Rubeus Hagrid
80%
Always Severus Snape
80%
Mr Potter. Our new celebrity. Severus Snape
80%
It does not do well to dwell on dreams and forget to live. Albus Dumbledore
79%
Tell me: what is the exact function of a rubber duck? Arthur Weasley
79%
Reading? I didn't know you could read. Draco Malfoy
79%
There will be no foolish wand-waving or silly incantations in this class. Severus Snape
79%
Eat. You'll feel better. Remus Lupin
77%
The circumstances are suspicious. I, for one, don't recall seeing Potter at dinner. Severus Snape
77%
I've done my waiting! Twelve years of it! Sirius Black
77%
How did it go? I mean, that was very wrong indeed, boys. Very wrong of you. Arthur Weasley
76%
Mad and hairy? You wouldn't be talking about me now, would you? Rubeus Hagrid
76%
There's no Hogwarts without you. Harry Potter
75%
WHERE HAVE YOU BEEN? Molly Weasley
75%
Dead. Narcissa Malfoy
74%
If Hagrid ever gets out of Azkaban, I'll kill him! Ron Weasley
74%
You ought to be careful. People might think you're... up to something. Severus Snape
74%
He's been looking dreadful for days. Pity you had to see him on a burning day. Albus Dumbledore
73%
I will not have bemirching it at night by acting like a bumbling, babbling band of baboons. Minerva McGonagall
72%
Fear of a name only increases fear of the thing itself. Hermione Granger
71%
By the way, Harry, happy birthday. Ron Weasley
71%
Harry Potter, you listen to me right now! Luna Lovegood
70%
'er...mi...ne... Ron Weasley
70%
It is not our abilities that show what we truly are. It is our choices. Albus Dumbledore
69%
You may not like him, but you can't deny - Dumbledore's got style. Kingsley Shacklebolt
69%
Things we lose have a way of coming back to us in the end. Luna Lovegood
68%
Sunday. My favourite day of the week. Vernon Dursley
68%
Mooorning. George Weasley
67%
Let us hope that Mr Potter will always be around to save the day. Lucius Malfoy
67%
There are more important things. Like friendship, and bravery. Hermione Granger
66%
We've all got both light and dark inside us. What matters is the part we choose to act on. Sirius Black
66%
It seems despite your exhaustive defensive strategies, you still have a bit of a security problem. Harry Potter
64%
Believe me, I take absolutely no pleasure being inside your... You call this a house? Lucius Malfoy
63%
Has it been four hours already? Spooky how time flies when one's having fun! Gilderoy Lockhart
62%
We fly, of course. Luna Lovegood
61%
He-Who-Must-Not-Be-Named did great things. Terrible, yes. But great. Mr Ollivander
61%
No one's died in years, though. Someone will vanish occasionally, but they'll turn up in a month or two! George Weasley
59%
It's an odd sort of place, isn't it? Do you live here? Gilderoy Lockhart
56%
I've waited 15 years. So I can wait a little longer. Harry Potter
50%
Good to see you, Mr Potter. Minerva McGonagall
50%
Harry liked dessert. Hermione Granger
47%
It's just like magic! Gilderoy Lockhart
45%
Oh, dear, we are in trouble. Argus Filch
41%
No matching quizzes found
Score Distribution
Percent of People with Each Score
Percentile by Number Answered
Your Score History
You have not taken this quiz since the last reset